| 000 -LEADER |
| fixed length control field |
00487nam a22001817a 4500 |
| 003 - CONTROL NUMBER IDENTIFIER |
| control field |
OSt |
| 005 - DATE AND TIME OF LATEST TRANSACTION |
| control field |
20250422112336.0 |
| 008 - FIXED-LENGTH DATA ELEMENTS--GENERAL INFORMATION |
| fixed length control field |
250422b ||||| |||| 00| 0 eng d |
| 020 ## - INTERNATIONAL STANDARD BOOK NUMBER |
| Terms of availability |
Rs175.00 |
| 040 ## - CATALOGING SOURCE |
| Transcribing agency |
imukc |
| 041 ## - LANGUAGE CODE |
| Language code of text/sound track or separate title |
eng |
| 082 ## - DEWEY DECIMAL CLASSIFICATION NUMBER |
| Classification number |
510 |
| Item number |
N326 |
| 245 ## - TITLE STATEMENT |
| Title |
Mathematics and Statistics Digest : Standard XI (FYJC). Part I / |
| 260 ## - PUBLICATION, DISTRIBUTION, ETC. |
| Place of publication, distribution, etc. |
Mumbai : |
| Name of publisher, distributor, etc. |
Navneet Publications (India) Limited, |
| 300 ## - PHYSICAL DESCRIPTION |
| Extent |
392 p. : |
| Other physical details |
ill. ; |
| Dimensions |
28 cm |
| 650 #0 - SUBJECT ADDED ENTRY--TOPICAL TERM |
| 9 (RLIN) |
31 |
| Topical term or geographic name entry element |
Mathematics |
| 942 ## - ADDED ENTRY ELEMENTS (KOHA) |
| Source of classification or shelving scheme |
|
| Koha item type |
Books |